[Event "Canadian op 48th"]
[Site "Toronto"]
[Date "2011.07.09"]
[Round "1"]
[White "Hayder, Ali"]
[Black "Mikhalevski, Victor"]
[Result "0-1"]
[WhiteElo "2005"]
[BlackElo "2569"]
[PlyCount "70"]
[EventDate "2011.07.09"]
[EventType "swiss"]
[EventRounds "9"]
[EventCountry "CAN"]
[SourceTitle "CBM 143 Extra"]
[Source "ChessBase"]
[SourceDate "2011.08.29"]
[SourceVersion "1"]
[SourceVersionDate "2011.08.29"]
[SourceQuality "1"]

1. d4 Nf6 2. Nf3 g6 3. e3 Bg7 4. Bd3 0-0 5. 0-0 c5 6. b3 d5 7. Bb2 cxd4 8. exd4 Nc6 9. Ne5 Nxe5 10. dxe5 Ng4 11. Qe1 Qc7 12. f4 f6 13. Nc3 fxe5 14. Nxd5 Qc5+ 15. Kh1 e6 16. Nc3 exf4 17. Qh4 Qh5 18. Qxh5 gxh5 19. Nd1 Bd7 20. Bxg7 Kxg7 21. Be4 Rac8 22. c4 b5 23. h3 Nh6 24. Rc1 bxc4 25. bxc4 Nf5 26. Bxf5 Rxf5 27. Nf2 f3 28. g3 Re5 29. Nd3 Re3 30. Nf4 e5 31. Nd5 Ra3 32. Rc2 Bxh3 33. Re1 Bf5 34. Rh2 Rxc4 35. Rxh5 f2 0-1

[Event "Quebec op U2400"]
[Site "Montreal"]
[Date "2008.07.26"]
[Round "8"]
[White "Gilman, Arkadiy M"]
[Black "Hayder, Ali"]
[Result "0-1"]
[WhiteElo "2189"]
[BlackElo "2095"]
[PlyCount "58"]
[EventDate "2008.07.19"]
[EventType "swiss"]
[EventRounds "9"]
[EventCountry "CAN"]
[SourceTitle "EXT 2011"]
[Source "ChessBase"]
[SourceDate "2010.11.26"]
[SourceVersion "1"]
[SourceVersionDate "2010.11.26"]
[SourceQuality "1"]

1. d4 Nf6 2. c4 c5 3. d5 b5 4. cxb5 a6 5. b6 d6 6. Nc3 Qxb6 7. Nf3 g6 8. e4 Bg4 9. Be2 Nbd7 10. Nd2 Ne5 11. 0-0 Bg7 12. Kh1 Bxe2 13. Qxe2 Nh5 14. f4 Nd7 15. Nc4 Qc7 16. Bd2 0-0 17. Rae1 e5 18. dxe6 fxe6 19. Qd3 Bd4 20. Ne2 e5 21. f5 gxf5 22. Rxf5 Rxf5 23. exf5 d5 24. Qf3 Nhf6 25. Nxd4 cxd4 26. Nxe5 Nxe5 27. Qg3+ Kf7 28. Bf4 Rg8 29. Qa3 Qc2 0-1

[Event "Quebec op U2400"]
[Site "Montreal"]
[Date "2008.07.21"]
[Round "3"]
[White "Hayder, Ali"]
[Black "Courval, Francois"]
[Result "1-0"]
[WhiteElo "2095"]
[BlackElo "1966"]
[PlyCount "77"]
[EventDate "2008.07.19"]
[EventType "swiss"]
[EventRounds "9"]
[EventCountry "CAN"]
[SourceTitle "EXT 2011"]
[Source "ChessBase"]
[SourceDate "2010.11.26"]
[SourceVersion "1"]
[SourceVersionDate "2010.11.26"]
[SourceQuality "1"]

1. d4 f5 2. Nf3 Nf6 3. Bg5 e6 4. e3 Be7 5. c4 0-0 6. Nc3 b6 7. Bxf6 Bxf6 8. Bd3 Bb7 9. Qe2 g6 10. e4 fxe4 11. Bxe4 Bxe4 12. Qxe4 Nc6 13. h4 Qe7 14. 0-0-0 Qg7 15. h5 g5 16. h6 Qg6 17. Qg4 Qf5 18. Qxf5 exf5 19. Nd5 g4 20. Nxf6+ Rxf6 21. Ne5 Rd6 22. Rh5 Nxe5 23. dxe5 Rxd1+ 24. Kxd1 Rf8 25. Rg5+ Kf7 26. Rxf5+ Ke7 27. Rxf8 Kxf8 28. Ke2 Kf7 29. Ke3 g3 30. f4 Kg6 31. Kf3 Kxh6 32. Kxg3 Kg6 33. Kf3 h5 34. Ke4 h4 35. f5+ Kg5 36. e6 dxe6 37. fxe6 Kf6 38. Kd5 Ke7 39. b4 1-0

[Event "Toronto Bayview Games Club #103"]
[Site "Toronto"]
[Date "2007.04.30"]
[Round "4"]
[White "Tellier, Raymond"]
[Black "Hayder, Ali"]
[Result "0-1"]
[WhiteElo "1434"]
[BlackElo "2057"]
[PlyCount "58"]
[EventDate "2007.04.09"]
[EventType "tourn"]
[EventRounds "7"]
[EventCountry "CAN"]
[SourceTitle "EXT 2022"]
[Source "ChessBase"]
[SourceDate "2021.10.06"]
[SourceVersion "1"]
[SourceVersionDate "2021.10.06"]
[SourceQuality "1"]

1. e4 c5 2. d4 cxd4 3. c3 d3 4. Bxd3 d6 5. Bc4 e6 6. Nf3 Be7 7. 0-0 Qc7 8. Bb3 Nf6 9. Be3 Nxe4 10. Na3 Bd7 11. Ba4 0-0 12. Nb5 Bxb5 13. Bxb5 Nc6 14. Qe2 f5 15. Bf4 e5 16. Bc4+ Kh8 17. Bc1 Rad8 18. Be6 d5 19. Rd1 d4 20. Bxf5 Nxf2 21. Kxf2 Rxf5 22. Qe4 Rdf8 23. Kg1 Nd8 24. cxd4 exd4 25. Bd2 Nc6 26. Rac1 Bd6 27. Qh4 Bf4 28. Nxd4 Nxd4 29. Rxc7 Be3+ 0-1

[Event "Toronto Bayview Games Club #103"]
[Site "Toronto"]
[Date "2007.04.09"]
[Round "1"]
[White "Kurkowski, Ken"]
[Black "Hayder, Ali"]
[Result "0-1"]
[WhiteElo "1799"]
[BlackElo "1700"]
[PlyCount "58"]
[EventDate "2007.04.09"]
[EventType "tourn"]
[EventRounds "7"]
[EventCountry "CAN"]
[SourceTitle "EXT 2022"]
[Source "ChessBase"]
[SourceDate "2021.10.06"]
[SourceVersion "1"]
[SourceVersionDate "2021.10.06"]
[SourceQuality "1"]

1. d4 Nf6 2. c4 e6 3. Nf3 Bb4+ 4. Bd2 Be7 5. Nc3 b6 6. e4 Bb7 7. Bd3 d6 8. 0-0 Nbd7 9. Re1 e5 10. d5 Nc5 11. Qc2 a5 12. a4 0-0 13. Nb5 Bc8 14. b4 axb4 15. Bxb4 Nxd3 16. Qxd3 Nh5 17. a5 Nf4 18. Qe3 f5 19. axb6 Rxa1 20. Rxa1 Bg5 21. bxc7 Qf6 22. Nxg5 Qxg5 23. g3 Nh3+ 24. Kg2 f4 25. Qc3 fxg3 26. Qxg3 Rxf2+ 27. Kh1 Qf6 28. Qd3 Qf4 29. Qg3 Qxe4+ 0-1